| 000 | 00453nam a2200181 a 4500 | ||
|---|---|---|---|
| 001 | 1383 | ||
| 003 | CO-ViMGA | ||
| 008 | 141112s2004 ck r 000 u spa d | ||
| 040 |
_aCO-ViMGA _bspa _cCO-ViMGA |
||
| 082 | 0 | 4 | _a745.4 W447 |
| 100 | 1 |
_aWhiston, Christine _949618 |
|
| 245 | 1 | 0 | _aPrensado de flores fácil |
| 260 |
_aMadrid : _bCeleste, _c1995 |
||
| 300 | _a47 p : il | ||
| 650 | 1 | 4 | _aDECORACION |
| 650 | 1 | 4 | _aFLORES - DECORACION |
| 942 |
_2ddc _cBK |
||
| 999 |
_c13585 _d13585 |
||